Countries Bordering 'F' Countries - Statistics

General Stats
  • This quiz has been taken 1,223 times
  • The average score is 10 of 11
Answer Stats
Country % Correct
Spain
94%
Belgium
93%
Germany
92%
Sweden
92%
Switzerland
91%
Russia
90%
Andorra
89%
Luxembourg
88%
Norway
87%
Italy
86%
Monaco
82%
No matching quizzes found
Score Distribution
Percent of People with Each Score
Percentile by Number Answered
Your Score History
You have not taken this quiz